000 00936nam a2200253Ii 4500
008 221202s xx 000 0 und d
100 1 _aBischoff, N.T.,
_eauthor
245 0 _aDevelopment of rural areas in Europe; the claim for nature
264 _bWRR
_c1993
300 _a1 online resource (206 pages)
336 _atext
_btxt
_2rdacontent
337 _acomputer
_bc
_2rdamedia
338 _aonline resource
_bcr
_2rdacarrier
490 _aVoorstudie
_v79
520 _aPolitical Science; Conservation of the Environment; European Union
653 _aConservation Of The Environment
653 _aEuropean Union
653 _aNatuurbehoud
653 _aOverheidsbeleid
653 _aPolitical Science
700 1 _aJongman, R.H.G.
856 _uhttps://docs.google.com/spreadsheets/d/1yKIrdCPDAG_9c22mwoOIO2DOhtj65Wqa/edit?usp=sharing&ouid=106555315294820607512&rtpof=true&sd=true
_yList of Curated E-Books
942 _cE-BOOK
999 _c92839
_d92836